| 000 | 00387nam a22001577a 4500 | ||
|---|---|---|---|
| 003 | OSt | ||
| 005 | 20240406145023.0 | ||
| 008 | 180910b xxu||||| |||| 00| 0 eng d | ||
| 020 | _a978-9384479954 | ||
| 040 | _cIIMT UNIVERSITY | ||
| 100 | _aARYA MOHAN LAL | ||
| 245 | _aAGROMETEROLOGY & CLIMATE CHANGE | ||
| 260 |
_aMEERUT _bRAMA PUB. HOUSE _c2017 |
||
| 300 | _a204 | ||
| 942 |
_2ddc _c02 |
||
| 999 |
_c44336 _d44336 |
||